00726nam a2200217 a 4500001001000000005001700010008004100027020001500068041000800083044000700091050002300098100003000121245012300151250000600274260003500280300002400315440005900339500004200398651003400440651003400474BRCA_439820190320204645.0901219s1995 mx-a#####b---#000-0#spa-# a9688425842 aspa amx 4aF1233.5b.C37 19951 aCastañeda Batres, Oscar10aRevolución Mexicana y Constitución de 1917b1876-1938cestudio histórico y selección Oscar Castañeda Batres. a3 aMéxicobM. A. Porrúac1995 a425 p.bil.c28 cm. 0aDocumentos para la historia del México independiente aColección Sonia Corcuera de Mancera 4aMéxicoxHistoriay1867-1910 4aMéxicoxHistoriay1910-1946